Schaum's outline of theory and problems of computer graphics (Record no. 8113)

000 -LEADER
fixed length control field 00572nam a22002057a 4500
001 - CONTROL NUMBER
control field 8113
003 - CONTROL NUMBER IDENTIFIER
control field BD-DhUET
008 - FIXED-LENGTH DATA ELEMENTS--GENERAL INFORMATION
fixed length control field 150118b xxu||||| |||| 00| 0 eng d
020 ## - INTERNATIONAL STANDARD BOOK NUMBER
International Standard Book Number 0070991537
040 ## - CATALOGING SOURCE
Original cataloging agency DLC
Transcribing agency DLC
Modifying agency BD-DhUET
082 ## - DEWEY DECIMAL CLASSIFICATION NUMBER
Classification number 001.6443
Item number PLA/1996
100 ## - MAIN ENTRY--PERSONAL NAME
Personal name Plastock, Roy A.
245 ## - TITLE STATEMENT
Title Schaum's outline of theory and problems of computer graphics
Statement of responsibility, etc. by Plastock, Roy A
250 ## - EDITION STATEMENT
Edition statement Ist. ed.
260 ## - PUBLICATION, DISTRIBUTION, ETC. (IMPRINT)
Place of publication, distribution, etc. New york
Name of publisher, distributor, etc. McGraw-Hill
Date of publication, distribution, etc. 1986
300 ## - PHYSICAL DESCRIPTION
Extent viii,340p.
Other physical details ill.
650 #0 - SUBJECT ADDED ENTRY--TOPICAL TERM
Topical term or geographic name as entry element Computer graphics, computer
700 ## - ADDED ENTRY--PERSONAL NAME
Personal name Kalley, Gordon
942 ## - ADDED ENTRY ELEMENTS (KOHA)
Koha item type General Book
Holdings
Location (home branch) Koha full call number Koha date last borrowed Lost status Koha item type Not for loan Price effective from Shelving location Sublocation or collection (holding branch) Date acquired Withdrawn status Piece designation (barcode) Koha issues (times borrowed) Koha normalized classification for sorting Damaged status Source of classification or shelving scheme Copy number Koha date last seen
Central Library, BUET001.6443/PLA/1996  General Book 2015-01-18Circulation sectionCentral Library, BUET2015-01-18 91018 001_644300000000000_PLA_1996  12016-01-05
Central Library, BUET001.6443/PLA/1996  General Book 2015-01-18Circulation sectionCentral Library, BUET2015-01-18 91021 001_644300000000000_PLA_1996  22015-01-18
Central Library, BUET001.6443/PLA/19962019-02-24 General Book 2015-01-18Circulation sectionCentral Library, BUET2015-01-18 910101001_644300000000000_PLA_1996  32019-04-08
Central Library, BUET001.6443/PLA/19962022-10-02 General Book 2015-01-18Circulation sectionCentral Library, BUET2015-01-18 910301001_644300000000000_PLA_1996  42022-10-10
Central Library, BUET001.6443 PLA/1996  General Book 2015-01-18Circulation sectionCentral Library, BUET2015-01-18 91022 001_644300000000000_PLA_1996  52015-01-18
Central Library, BUET001.6443/PLA/1996  Reading Item 2015-06-06Reading sectionCentral Library, BUET2015-06-06 91008 001_644300000000000_PLA_1996  62015-06-06
Central Library, BUET001.6443/PLA/1996  General Book 2015-06-06Reading sectionCentral Library, BUET2015-06-06 91009 001_644300000000000_PLA_1996  72015-06-06